00522cam a2200181ua 450000100060000000800390000604000090004504100120005408200140006610000170008024500490009725000090014626000400015530000160019550000800021165300220029170000270031311048160319n2005 II |||gr||||Z||||||eng aMAIN aEnglish a519.4 ARO a ARORA, S.L. aNUMERICAL PROBLEMS IN PHYSICS (For Class XI) aREP. aJALANDHARbDHANPAT RAI & SONSc2005 a900:c20CM. aDonated by Suman Kamder, Ex. Student, Sibsagar Girls` College on 30-09-2013 aNumerical Physics a ARORA, S.L.,eAUTHOR.